Student's performance and their perceptions of listening comprehension tasks : a case study of year 4 students at SK Setapak Indah, Kuala Lumpur /
Saved in:
| Main Author: | |
|---|---|
| Format: | Thesis |
| Language: | English |
| Published: |
Kuala Lumpur :
International Islamic University Malaysia,
2006
|
| Subjects: | |
| Online Access: | Click here to view 1st 24 pages of the thesis. Members can view fulltext at the specified PCs in the library. |
| Tags: |
Add Tag
No Tags, Be the first to tag this record!
|
| LEADER | 023850000a22004090004500 | ||
|---|---|---|---|
| 001 | 373279 | ||
| 005 | 20230420100752.0 | ||
| 008 | 070820s2006 my a g 000 0 eng d | ||
| 035 | |a (Sirsi) 373279 | ||
| 040 | |a UIAM |b eng | ||
| 043 | |a a-my-- | ||
| 050 | 0 | 0 | |a PE1128.A2 |
| 100 | 1 | |a Mimi Rita @ Aishah Binti Tajuddin |9 113319 | |
| 245 | 1 | 0 | |a Student's performance and their perceptions of listening comprehension tasks : |b a case study of year 4 students at SK Setapak Indah, Kuala Lumpur / |c by Mimi Rita @ Aishah binti Tajuddin |
| 260 | |a Kuala Lumpur : |b International Islamic University Malaysia, |c 2006 | ||
| 300 | |a xiv, 93 p. : |b ill. ; |c 30 cm. | ||
| 336 | |2 rdacontent | ||
| 337 | |2 rdamedia | ||
| 338 | |2 rdacarrier | ||
| 500 | |a "A dissertation submitted in partial fulfillment of the requirement for the degree of Master of Human Sciences in Teaching English as a Second Language"--on t.p. | ||
| 500 | |a Abstracts in English and Arabic. | ||
| 502 | |a Thesis (M.HSc.ESL) -- International Islamic Universty Malaysia, 2006. | ||
| 504 | |a Includes bibliographical references (p. 82-84). | ||
| 650 | 0 | |a English language |x Study and teaching (Higher) |z Malaysia |9 25610 | |
| 650 | 0 | |a English language |x Study and teaching (Higher) Foreign speakers |9 71481 | |
| 650 | 0 | |a English language |x Rhetoric Study and teaching |z Malaysia |9 113320 | |
| 650 | 0 | |a English language |x Ability testing |9 56105 | |
| 655 | 0 | 7 | |a Theses, IIUM local |
| 690 | 0 | |a Dissertations, Academic |x Kulliyyah of Islamic Revealed Knowledge and Human Sciences |z IIUM | |
| 710 | 2 | |a International Islamic University Malaysia. |b Kulliyyah of Islamic Revealed Knowledge and Human Sciences | |
| 856 | 4 | |u http://studentrepo.iium.edu.my/handle/123456789/6884 |z Click here to view 1st 24 pages of the thesis. Members can view fulltext at the specified PCs in the library. | |
| 900 | |a haf-nmh-naw | ||
| 942 | |2 lcc |n 0 | ||
| 999 | |c 434255 |d 465425 | ||
| 952 | |0 0 |6 T PE 001128 A2M662S 2006 |7 0 |8 THESES |9 752302 |a IIUM |b IIUM |c MULTIMEDIA |g 0.00 |o t PE1128A2M662S 2006 |p 00001090161 |r 2017-10-19 |t 1 |v 0.00 |y THESIS | ||
| 952 | |0 0 |6 LU T PE1128A2M662S 2006 |7 0 |8 THESES |9 757917 |a IIUM |b IIUM |c CLOSEACCES |g 0.00 |o lu t PE1128A2M662S 2006 |p 00011275054 |r 2017-10-25 |t 1 |v 0.00 |y THESIS | ||
| 952 | |0 0 |6 TS CDF PE1128A2M662S 2006 |7 0 |8 THESES |9 826625 |a IIUM |b IIUM |c MULTIMEDIA |g 0.00 |o ts cdf PE1128A2M662S 2006 |p 11100326390 |r 2017-10-26 |t 1 |v 0.00 |y THESISDIG | ||
